| 000 | 00617nam a2200217Ia 4500 | ||
|---|---|---|---|
| 005 | 20260429111928.0 | ||
| 008 | 260429s9999||||xx |||||||||||||| ||und|| | ||
| 020 | _a9789819604142 | ||
| 041 | _aEnglish | ||
| 082 |
_a801.95 _bSIN |
||
| 100 | _aSingh, Java | ||
| 245 | 0 |
_aFeminist literary and cultural criticism : _ban analytical approach to space / _cJava Singh |
|
| 250 | _a1st ed. | ||
| 260 |
_aSingapore : _bSpringer, _c2022. |
||
| 300 | _axxviii, 283 p.; hb | ||
| 650 | _a Cultural studies | ||
| 650 | _a Gender studies | ||
| 650 | _a Literary criticism | ||
| 650 | _aFeminist criticism | ||
| 942 | _cTB | ||
| 999 |
_c51473 _d51473 |
||